Kiinan tärkeimmät kauppakumppanit - Statistics

Yleistilastot
  • Tätä visaa on pelattu 1 077 kertaa
    670 viimeisimmän päivityksen jälkeen
  • Keskiarvotulos 16 / 21
Vastaustilastot
Vienti Tuonti Valtio % Oikein
500 mrd. 166 mrd. Yhdysvallat
99%
111 mrd. 128 mrd. Venäjä
98%
158 mrd. 161 mrd. Japani
95%
118 mrd. Intia
94%
101 mrd. 106 mrd. Saksa
93%
44,0 mrd. Kanada
92%
149 mrd. 162 mrd. Etelä-Korea
90%
74,0 mrd. 156 mrd. Australia
87%
122 mrd. Brasilia
87%
78,2 mrd. Yhdistynyt kuningaskunta
83%
81,5 mrd. Meksiko
80%
75,9 mrd. 50,9 mrd. Thaimaa
80%
65,4 mrd. 74,2 mrd. Indonesia
79%
138 mrd. 92,8 mrd. Vietnam
75%
64,3 mrd. Saudi-Arabia
65%
68,5 mrd. 200 mrd. Taiwan
63%
88,1 mrd. 103 mrd. Malesia
55%
77,6 mrd. Singapore
43%
43,2 mrd. Chile
42%
100 mrd. Alankomaat
36%
54,0 mrd. Sveitsi
23%
Ehtoja vastaavia visoja ei löytynyt
Tulosjakauma
Jokaisen tuloksen saaneiden osuus
Persentiili vastausten määrän mukaan
Tuloshistoriasi
Et ole pelannut tätä visaa sen viimeisimmän päivityksen jälkeen